Aprende conmigo: la televisión en el centro educativo. Guía didáctica

保存先:
書誌詳細
主要な著者: Gabelas Barroso, José Antonio (著者), Samarra Pla, Jaume (著者), Saz Ferrer, Ricard (著者), Sesé Mazana, José Luis (著者)
フォーマット: 図書
言語:スペイン語
出版事項: Madrid Ediciones de la Torre 1996
Madrid Ministerio de educación y cultura 1996
版:1a. ed
シリーズ:Proyecto didáctico Quirón: medios de comunicación y enseñanza
主題:
タグ: タグ追加
タグなし, このレコードへの初めてのタグを付けませんか!

MARC

LEADER 00000nam a2200000 a 4500
001 UCH8078
003 CL-VaPUC
008 091127e19960000sp |||||||||||||||||spa|d
020 |a 847960154X 
082 0 4 |a 371.3358  |b GAB  |2 21 
100 0 |a Gabelas Barroso, José Antonio  |e author  |9 544482 
700 0 |a Samarra Pla, Jaume  |e author  |9 544483 
700 0 |a Saz Ferrer, Ricard  |e author  |9 544484 
700 0 |a Sesé Mazana, José Luis  |e author  |9 544485 
245 1 0 |a Aprende conmigo: la televisión en el centro educativo. Guía didáctica 
250 |a 1a. ed 
300 |a 110 p 
942 |c BK 
945 |d 20091127 00:00:00  |a ccalabra 
260 |a Madrid  |b Ediciones de la Torre  |c 1996 
260 |a Madrid  |b Ministerio de educación y cultura  |c 1996 
650 0 |a Métodos de enseñanza  |9 270413 
650 0 |a Estrategias de aprendizaje  |9 502281 
650 7 |a TELEVISION EDUCATIVA  |2 CL-VaPUC  |9 310717 
650 7 |a TELEVISION EN LA EDUCACION  |2 CL-VaPUC  |9 268090 
650 0 |a Enseñanza audiovisual  |9 268091 
490 0 |a Proyecto didáctico Quirón: medios de comunicación y enseñanza 
999 |c 338327  |d 338325 
583 |k Rodrigo Vera